MATLAB Demystified Basic Concepts and applications (Record no. 220119)

MARC details
000 -LEADER
fixed length control field 00487nam a2200193Ia 4500
008 - FIXED-LENGTH DATA ELEMENTS--GENERAL INFORMATION
fixed length control field 240823s9999||||xx |||||||||||||| ||und||
020 ## - INTERNATIONAL STANDARD BOOK NUMBER
International Standard Book Number 978-81-259-3712-8
082 ## - DEWEY DECIMAL CLASSIFICATION NUMBER
-- 005.7565 Q0
100 ## - MAIN ENTRY--PERSONAL NAME
Personal name Sarma K K
245 #0 - TITLE STATEMENT
Title MATLAB Demystified Basic Concepts and applications
250 ## - EDITION STATEMENT
Edition statement 1st
260 ## - PUBLICATION, DISTRIBUTION, ETC. (IMPRINT)
Date of publication, distribution, etc 2010
Name of publisher, distributor, etc Vikas Publishing New Delhi
500 ## - GENERAL NOTE
General note YES
650 ## - SUBJECT ADDED ENTRY--TOPICAL TERM
Topical term or geographic name as entry element Matlab
942 ## - ADDED ENTRY ELEMENTS (KOHA)
Item type Books
Holdings
Withdrawn status Lost status Damaged status Permanent location Current location Date acquired Cost, normal purchase price Full call number Barcode Date last seen Koha item type
      CENTRAL LIBRARY, NOORUL ISLAM CENTRE FOR HIGHER EDUCATION CENTRAL LIBRARY, NOORUL ISLAM CENTRE FOR HIGHER EDUCATION 11/27/2014 245.00 005.7565 Q0 69368 08/23/2024 Books
Visitors:
Copyright © 2024 Central Library NICHE.  All rights reserved.